| 000 | 01208nam a22002417a 4500 | ||
|---|---|---|---|
| 001 | BINCO | ||
| 003 | CO-MdBIC | ||
| 005 | 20220427221455.0 | ||
| 008 | 220427b2008 ag ||||| |||| 00| 0 spa d | ||
| 020 | _a9789501113730 | ||
| 040 |
_a CO-MdBIC _bspa. _cCO-MdBIC _d CO-MdBIC |
||
| 041 | _aspa | ||
| 082 |
_222 _a808.83 _bV757 |
||
| 100 | _aVilliers de l'Isle-Adam, | ||
| 245 |
_aVilliers de l'Isle-Adam, _c/Villiers de l'Isle-Adam, escritor |
||
| 260 | 1 |
_aBuenos Aires, Argentina: _bSigmar, _c[2008] |
|
| 264 | 4 | _a© 2008 | |
| 300 |
_a71 paginas; _c21 cm. |
||
| 490 | _aclásicos juveniles | ||
| 500 | _aEsta antología reúne cuentos fantásticos de grandes autores clásicos. Presentan situaciones en las que un hecho insólito irrumpe en el mundo cotidiano, pero nunca se llega a saber con certeza si pertenece al orden de lo real o de lo sobrenatural.¿Es sólo perturbación mental en El albergue, de Maupassant? ¿Alucinaciones, en El intersigno, de Villiers de I´Isle Adam?¿Una aparición, en Una visita infernal, de Juana M. Gorriti? Yen el caso de La sombra en el rincón, de Mary Braddon, ¿una gran angustia que oprime el ánimo? | ||
| 650 | 7 |
_9109 _aLiteratura clásica |
|
| 942 | _cLGB | ||
| 999 |
_c67830 _d67830 |
||